[Event "Titled Tue 26th Aug Late"]
[Site "chess.com INT"]
[Date "2025.08.26"]
[Round "11"]
[White "Kawka, Milena"]
[Black "Gavilan Diaz, Mario"]
[Result "0-1"]
[WhiteTitle "WCM"]
[BlackTitle "FM"]
[WhiteElo "2017"]
[BlackElo "2195"]
[WhiteFideId "21095167"]
[BlackFideId "2260905"]
[EventDate "2025.08.26"]

1. e4 e6 2. d4 d5 3. Bd3 dxe4 4. Bxe4 Nf6 5. Bf3 c5 6. Ne2 Nc6 7. Be3 cxd4 8.
Nxd4 Ne5 9. Be2 Nd5 10. Bc1 Bc5 11. O-O O-O 12. Nb3 Be7 13. c4 Nb4 14. Nc3 Bd7
15. a3 Nbc6 16. Nd4 Rc8 17. Nxc6 Bxc6 18. Qc2 Qd4 19. Be3 Qh4 20. Rad1 Nxc4 21.
Bxc4 Qxc4 22. Rd4 Qa6 23. Rg4 Bf6 24. Bh6 Kh8 25. Qc1 Qd3 26. Bg5 Qf5 27. h3
Bxg5 28. Rxg5 Qf6 29. Qe3 h6 30. Rg4 b6 31. Rd4 Rfd8 32. Rfd1 Rxd4 33. Rxd4 Rd8
34. Rf4 Qg6 35. Rg4 Qf6 36. Rf4 Qe7 37. Rg4 e5 38. Rc4 Qe6 39. b3 f6 40. Ne4 Bd5
41. Rc3 Qf5 42. Ng3 Qe6 43. Kh2 f5 44. f4 Re8 45. fxe5 Qxe5 46. Qxe5 Rxe5 47.
Rd3 f4 48. Rxd5 Rxd5 49. Ne4 Re5 50. Nc3 Re3 51. Nb5 Rxb3 52. Nxa7 Rxa3 53. Nc8
b5 54. Nd6 b4 55. Nc4 Rc3 56. Nd2 b3 57. Kg1 Rd3 58. Nb1 Rd1+ 0-1

[Event "Titled Tue 26th Aug Late"]
[Site "chess.com INT"]
[Date "2025.08.26"]
[Round "11"]
[White "Krzywda, Andrzej"]
[Black "Mikhalsky, Vladimir"]
[Result "1/2-1/2"]
[WhiteTitle "CM"]
[WhiteElo "2149"]
[BlackElo "2219"]
[WhiteFideId "1114565"]
[BlackFideId "14144352"]
[EventDate "2025.08.26"]

1. e4 g6 2. d4 Bg7 3. Nf3 d6 4. Bd3 a6 5. a4 b6 6. O-O Bb7 7. Re1 e6 8. Nbd2 Nd7
9. Nf1 h6 10. c3 Ne7 11. Ng3 Nf6 12. h3 Qd7 13. Bd2 g5 14. e5 Nfd5 15. Nh5 Rg8
16. c4 Nf4 17. Nxf4 gxf4 18. Bxf4 Nf5 19. d5 O-O-O 20. Bxf5 exf5 21. a5 dxe5 22.
Nxe5 Bxe5 23. Bxe5 b5 24. b3 f4 25. Qf3 c6 26. cxb5 Qxd5 27. Qxd5 Rxd5 28. bxa6
Bxa6 29. Bxf4 Rg6 30. Re7 Rd7 31. Rae1 c5 32. Re8+ Rd8 33. Rxd8+ Kxd8 34. Re5
Bb7 35. Rxc5 Bxg2 36. Kh2 Be4 37. Bg3 f5 38. h4 f4 39. Bxf4 Rg2+ 40. Kh3 Rxf2
41. Bg3 Bf5+ 42. Rxf5 Rxf5 43. b4 h5 44. Bd6 Kd7 45. Bc5 Rf3+ 46. Kg2 Ra3 47.
Kf2 Kc6 48. Kg2 Rd3 49. Kf2 Kb5 50. Kg2 Rc3 51. Kf2 Rb3 52. Kg2 Rd3 53. Kf2 Rh3
54. Be7 Ka6 55. Kg2 Re3 56. Bc5 Re4 57. Kg3 Rg4+ 58. Kh3 Kb5 59. Bd6 Rd4 60. Bc5
Rd3+ 61. Kg2 Ra3 62. Bd6 Kc6 63. Bc5 Kd5 64. Kf2 Kc6 65. Kg2 1/2-1/2

[Event "Titled Tue 26th Aug Late"]
[Site "chess.com INT"]
[Date "2025.08.26"]
[Round "11"]
[White "Buchenau, Frank"]
[Black "Tikhonov, Viacheslav"]
[Result "1/2-1/2"]
[WhiteTitle "FM"]
[BlackTitle "CM"]
[WhiteElo "2205"]
[BlackElo "2183"]
[WhiteFideId "4604350"]
[BlackFideId "44196407"]
[EventDate "2025.08.26"]

1. e4 c5 2. g3 Nc6 3. Bg2 g6 4. Ne2 Bg7 5. c3 e5 6. d3 Nge7 7. Be3 d6 8. O-O O-O
9. d4 exd4 10. cxd4 d5 11. Nbc3 cxd4 12. Nxd4 dxe4 13. Nxc6 Nxc6 14. Nxe4 Qxd1
15. Rfxd1 Bg4 16. Rd2 Ne5 17. Rc2 Rac8 18. Rac1 Rxc2 19. Rxc2 Rd8 20. Rd2 Rc8
21. Nc3 Nf3+ 22. Bxf3 Bxf3 23. Bxa7 b5 24. Rd3 Ba8 25. f3 b4 26. Nd5 Bxd5 27.
Rxd5 Bxb2 28. Bd4 Rc1+ 29. Kf2 Rc2+ 30. Kg1 Bxd4+ 31. Rxd4 Rb2 32. h4 h5 33. g4
Kg7 34. g5 Kf8 35. Kf1 Ke7 36. Ke1 Ke6 37. Kd1 Rxa2 38. Rxb4 Rf2 39. Rf4 Ra2 40.
Rf6+ Ke7 41. Rf4 Rb2 42. Re4+ Kd6 43. Rf4 Ke6 44. Re4+ Kd6 45. Rf4 Ke7 46. Re4+
Kf8 47. Re2 Rb4 48. Re4 Rxe4 49. fxe4 Ke7 50. Ke2 Kd6 51. Kd3 Ke5 52. Ke3 Kd6
53. Kd4 Ke6 54. e5 Ke7 55. Kd5 Kd7 56. Kd4 Kc6 57. Kc4 Kc7 58. Kc5 Kd7 59. Kd5
Ke7 60. Kd4 Kd7 61. Kd5 Ke7 62. Kd4 Ke6 63. Ke4 Ke7 64. Kd4 1/2-1/2

[Event "Titled Tue 26th Aug Late"]
[Site "chess.com INT"]
[Date "2025.08.26"]
[Round "11"]
[White "Szpar, Milosz"]
[Black "Piesik, Piotr"]
[Result "1/2-1/2"]
[WhiteTitle "GM"]
[BlackTitle "IM"]
[WhiteElo "2490"]
[BlackElo "2427"]
[WhiteFideId "1184989"]
[BlackFideId "1136194"]
[EventDate "2025.08.26"]

1. e4 g6 2. d4 Bg7 3. Nf3 c6 4. Bd3 d6 5. O-O Nd7 6. Re1 e5 7. c3 Ngf6 8. h3 O-O
9. Nbd2 Qc7 10. Nf1 b5 11. Ng3 a5 12. Bg5 Ba6 13. Qd2 Rfe8 14. Bh6 Bh8 15. Rad1
Nf8 16. Bc2 Rad8 17. Bb3 a4 18. Bc2 Ne6 19. a3 c5 20. d5 Nf8 21. Ng5 Bg7 22.
Bxg7 Kxg7 23. f4 N8d7 24. Rf1 h6 25. Nf3 Nh7 26. f5 Ndf6 27. fxg6 fxg6 28. Rf2
Rf8 29. Nh4 Bc8 30. Rdf1 Ng8 31. c4 bxc4 32. Bxa4 Rxf2 33. Rxf2 Rf8 34. Rxf8
Nxf8 35. Bb5 Nf6 36. Bxc4 Bd7 37. b3 N8h7 38. Nf3 Qa7 39. a4 Bc8 40. Kh2 Qb6 41.
a5 Qa7 42. a6 Nd7 43. Qa2 Nb6 44. Bb5 Nf6 45. Qa5 Kf7 46. Nd2 Nfd7 47. Nc4 Ke7
48. Qd2 Nxc4 49. bxc4 Bxa6 50. Qxh6 Bxb5 51. cxb5 Qa4 52. Qxg6 Qxb5 53. Nf5+ Kd8
54. Qxd6 Qf1 55. Qh6 c4 56. d6 Kc8 57. Ne7+ Kb7 58. Nd5 Qe2 59. Qh7 Kc6 60. Qg8
Kc5 61. Qc8+ Kd4 62. Qxd7 Qxe4 63. Nb6 Qf4+ 64. Kg1 Qe3+ 65. Kf1 Qd3+ 66. Kf2
Qe3+ 67. Kf1 Qd3+ 68. Kg1 Qe3+ 69. Kh2 Qf4+ 70. Kg1 Qe3+ 1/2-1/2

[Event "Titled Tue 26th Aug Late"]
[Site "chess.com INT"]
[Date "2025.08.26"]
[Round "11"]
[White "Kona, Vidip"]
[Black "Banzea, Alexandru-Bogdan"]
[Result "0-1"]
[BlackTitle "IM"]
[WhiteElo "2145"]
[BlackElo "2394"]
[WhiteFideId "30990440"]
[BlackFideId "1232622"]
[EventDate "2025.08.26"]

1. Nf3 Nf6 2. c4 g6 3. b4 Bg7 4. Bb2 O-O 5. e3 d6 6. d4 Nbd7 7. Be2 e5 8. dxe5
Ng4 9. O-O Ngxe5 10. Nxe5 Nxe5 11. Qc1 a5 12. b5 Nd7 13. Bxg7 Kxg7 14. Nc3 Nc5
15. Rd1 Be6 16. e4 f5 17. Qe3 f4 18. Qd4+ Qf6 19. f3 Qxd4+ 20. Rxd4 b6 21. Rad1
Kf6 22. Kf2 Ke5 23. g3 g5 24. g4 h5 25. h3 hxg4 26. hxg4 Rh8 27. Bf1 Rh2+ 28.
Bg2 Rah8 29. Nd5 R8h7 30. Kg1 R2h6 31. Nc3 Rf7 32. Ne2 Rfh7 33. Rd5+ Bxd5 34.
Rxd5+ Kf6 35. Rf5+ Kg6 36. Nd4 Nd7 37. Ne6 Nc5 38. Nf8+ Kg7 39. Nxh7 Rxh7 40.
Rxg5+ Kf6 41. Rf5+ Ke6 42. g5 Nd3 43. g6 Rg7 44. Rg5 Kf6 45. Rf5+ Kxg6 46. Kf1
Ne5 47. Rxf4 Rf7 48. Rxf7 Kxf7 49. Ke2 Nxc4 50. Bh3 Ke7 51. Kd1 d5 52. exd5 Ne3+
53. Kd2 Nxd5 54. Bf1 Kd6 55. Kd3 Nb4+ 56. Kc3 Nxa2+ 57. Kb3 Nb4 58. Bc4 Nd5 59.
Bd3 Nf4 60. Bc4 Kc5 0-1

[Event "Titled Tue 26th Aug Late"]
[Site "chess.com INT"]
[Date "2025.08.26"]
[Round "11"]
[White "Gustafsson, Jan"]
[Black "Svane, Rasmus"]
[Result "0-1"]
[WhiteTitle "GM"]
[BlackTitle "GM"]
[WhiteElo "2591"]
[BlackElo "2619"]
[WhiteFideId "4625498"]
[BlackFideId "4657101"]
[EventDate "2025.08.26"]

1. d4 d5 2. c4 e6 3. Nc3 a6 4. c5 Nc6 5. Nf3 Nf6 6. Bf4 Nh5 7. Bg5 Be7 8. Bxe7
Qxe7 9. e3 O-O 10. Be2 Nf6 11. O-O Rd8 12. a3 e5 13. b4 Ne4 14. Rc1 Nxc3 15.
Rxc3 Bf5 16. Re1 e4 17. Nd2 Rf8 18. Qb3 Be6 19. f4 f5 20. Nf1 Qf6 21. Ng3 Kh8
22. Rf1 Ne7 23. Rcc1 c6 24. a4 Rg8 25. Ra1 Bf7 26. b5 axb5 27. axb5 Rxa1 28.
Rxa1 g5 29. Rf1 gxf4 30. Rxf4 Be6 31. Nh5 Qg5 32. g3 Bf7 33. Rh4 Bxh5 34. Rxh5
Qf6 35. bxc6 bxc6 36. Qb7 h6 37. Kf2 f4 38. gxf4 Nf5 39. Qc7 Nxd4 40. Qe5 Qxe5
41. Rxe5 Nb3 42. Re6 Rc8 43. Bg4 Rc7 44. Rxh6+ Kg7 45. Rd6 Nxc5 46. f5 Nd3+ 47.
Kg3 Ne5 48. Be2 Nf7 49. Rg6+ Kf8 50. Kf4 Ra7 51. Rxc6 Ra2 52. f6 Rxe2 53. Rc8+
Nd8 54. Rxd8+ Kf7 55. Rxd5 Rxh2 56. Rf5 Rh4+ 57. Ke5 Rg4 58. Rf4 Rg5+ 59. Kxe4
Ra5 60. Kf3 Rb5 61. e4 Rc5 62. Kg4 Re5 63. Kf3 Re6 64. Ke3 Rxf6 65. Rh4 Ra6 66.
Kf4 Rf6+ 67. Ke5 Ra6 0-1

[Event "Titled Tue 26th Aug Late"]
[Site "chess.com INT"]
[Date "2025.08.26"]
[Round "11"]
[White "Fernandes, Rogerio Paulo Muller"]
[Black "Beulen, Marcel"]
[Result "1-0"]
[BlackTitle "FM"]
[WhiteElo "2241"]
[BlackElo "2359"]
[WhiteFideId "2101599"]
[BlackFideId "1001450"]
[EventDate "2025.08.26"]

1. c4 c6 2. g3 d5 3. Bg2 Nf6 4. Nf3 Bf5 5. O-O e6 6. Qb3 Qb6 7. d3 Nbd7 8. Nc3
Be7 9. Be3 Qxb3 10. axb3 a6 11. Nh4 Bg6 12. Nxg6 hxg6 13. h3 O-O 14. Na4 Rac8
15. Nb6 Nxb6 16. Bxb6 Nd7 17. Be3 Bc5 18. Bd2 Bd4 19. Bc3 Bxc3 20. bxc3 Rfd8 21.
cxd5 exd5 22. c4 Nf6 23. Rfc1 Kf8 24. Rab1 Ke7 25. c5 Re8 26. e3 g5 27. Bf3 Nd7
28. b4 Rcd8 29. d4 Nf6 30. Kg2 Kf8 31. Rh1 g6 32. Be2 Kg7 33. Bd3 Rh8 34. Kf3
Rde8 35. Rbe1 Re7 36. Kg2 Nd7 37. Be2 f5 38. h4 gxh4 39. Rxh4 Rxh4 40. gxh4 Nf6
41. Bf3 Re8 42. Kg3 Rh8 43. Rh1 Nd7 44. Kf4 Kf6 45. Be2 Nf8 46. f3 Ne6+ 47. Kg3
f4+ 48. Kf2 fxe3+ 49. Kxe3 Rh5 50. f4 Rh6 51. Bg4 Nf8 52. Bc8 Rh7 53. Kf3 Rc7
54. Bg4 Rh7 55. Kg3 Ne6 56. Bxe6 Kxe6 57. Kg4 Kf6 58. Re1 Kf7 59. Re5 Rh8 60. f5
gxf5+ 61. Rxf5+ Kg6 62. Rg5+ Kf6 63. h5 Kf7 64. Kf5 Rh7 65. Kg4 Kf6 66. Rg6+ Kf7
67. Kg5 Rh8 68. h6 Rh7 69. Kh5 1-0

[Event "Titled Tue 26th Aug Late"]
[Site "chess.com INT"]
[Date "2025.08.26"]
[Round "11"]
[White "Miserendino, Alfredo"]
[Black "Garcia Hernandez, Rebeca"]
[Result "0-1"]
[BlackTitle "WCM"]
[WhiteElo "2032"]
[BlackElo "1943"]
[WhiteFideId "101800"]
[BlackFideId "5180872"]
[EventDate "2025.08.26"]

1. e4 c5 2. Nf3 d6 3. Bb5+ Bd7 4. Bxd7+ Nxd7 5. d4 cxd4 6. Qxd4 Ngf6 7. c4 e6 8.
Nc3 a6 9. b3 Be7 10. Bb2 Qc7 11. O-O O-O 12. Rfe1 Ne5 13. Nxe5 dxe5 14. Qe3 Bc5
15. Qf3 Bd4 16. Na4 b5 17. cxb5 axb5 18. Rac1 Qe7 19. Nc3 Rfc8 20. Qe2 Qb7 21.
a4 bxa4 22. bxa4 Bxc3 23. Bxc3 Rxa4 24. Bxe5 Rxe4 25. Rxc8+ Qxc8 26. Qd1 Rxe1+
27. Qxe1 Nd7 28. Bb2 h6 29. h3 Qc2 30. Bd4 Qd3 31. Ba1 Qd5 32. Qc3 Nf6 33. g3
Qd1+ 34. Kg2 Qd5+ 35. Kh2 Qf5 36. Kg2 Qe4+ 37. Kg1 Kh7 38. h4 h5 39. Qc1 Qf5 40.
Bxf6 Qxf6 41. Qe3 Qg6 42. Qd4 Qf6 43. Qd7 g6 44. Qe8 Kg7 45. Qc8 Qa1+ 46. Kh2
Qb2 47. Kg2 Qf6 48. Qd7 Qf5 49. Qa7 Qd5+ 50. Kg1 Qe4 51. Kh2 Qf3 52. Kg1 Qf5 53.
Kg2 e5 54. Kf1 e4 55. Kg2 Qf3+ 56. Kg1 Kf6 57. Qd4+ Ke7 58. Qe5+ Kf8 59. Qh8+
Ke7 60. Qe5+ Kd7 61. Qd4+ Kc6 62. Qc4+ Kb6 63. Qb4+ Kc6 64. Qc4+ Kd6 65. Qd4+
Ke6 66. Qc4+ Ke7 67. Qc5+ Ke8 68. Qc8+ Ke7 69. Qc7+ Kf6 70. Qd8+ Kg7 71. Qd4+
Kh7 72. Qc5 Qd1+ 73. Kh2 Qf3 74. Kg1 f5 75. Qe7+ Kh6 76. Qg5+ Kg7 77. Qe7+ Kg8
78. Qe8+ Kg7 79. Qd7+ Kh6 0-1

[Event "Titled Tue 26th Aug Late"]
[Site "chess.com INT"]
[Date "2025.08.26"]
[Round "11"]
[White "Erigaisi, Arjun"]
[Black "Sarana, Alexey"]
[Result "0-1"]
[WhiteTitle "GM"]
[BlackTitle "GM"]
[WhiteElo "2776"]
[BlackElo "2691"]
[WhiteFideId "35009192"]
[BlackFideId "24133795"]
[EventDate "2025.08.26"]

1. d4 Nf6 2. Bg5 d5 3. e3 c5 4. Nd2 Nc6 5. c3 Qb6 6. Qb3 e6 7. Ngf3 h6 8. Bf4
Qxb3 9. axb3 Nh5 10. Bc7 Kd7 11. Bb6 cxd4 12. exd4 Bd6 13. b4 Rb8 14. Bc5 a6 15.
b5 axb5 16. Bxb5 Kc7 17. O-O Bd7 18. Bxc6 Bxc6 19. Bxd6+ Kxd6 20. Ne5 Be8 21.
Rfe1 Nf6 22. c4 dxc4 23. Ndxc4+ Ke7 24. Ra7 Bb5 25. Na5 Rhc8 26. Rxb7+ Rxb7 27.
Nxb7 Rc2 28. b3 Nd5 29. Nc5 Nf4 30. Nf3 Bc6 31. Kf1 g5 32. Rd1 Bb5+ 33. Kg1 Be2
34. Ra1 Bxf3 35. gxf3 Ne2+ 36. Kg2 Nxd4 37. Ra7+ Ke8 38. Ne4 Nf5 39. b4 Rb2 40.
Rb7 Rb3 41. b5 Nh4+ 42. Kf1 Nf5 43. b6 Rb1+ 44. Ke2 Rb3 45. Kd2 Rb5 46. Nf6+ Kf8
47. Rc7 Nd6 48. Rc6 Ke7 49. Ng8+ Kd7 50. Rc7+ Kd8 51. Rc6 Rxb6 52. Rxb6 Nc4+ 53.
Ke2 Nxb6 54. Nxh6 Ke7 55. Ng4 Nd5 56. Ne3 Nf4+ 57. Kf1 Kf6 58. Ng4+ Kf5 59. Ke1
Ng6 60. Ke2 Ne5 61. Ne3+ Kf6 62. Ng4+ Kf5 63. Ne3+ Kg6 64. Ng4 Nc4 65. Ne3 Nd6
66. Ng2 Kf5 67. Ne3+ Kf4 68. Ng2+ Ke5 69. Ne3 Nf5 70. Ng2 f6 71. Kd3 Ng7 72. Ke3
Nh5 73. h4 Nf4 74. Nxf4 gxf4+ 75. Kd3 Kf5 76. Kd4 Kg6 77. Ke4 Kh5 78. Kxf4 Kxh4
79. Ke4 Kh3 80. f4 Kg4 81. f5 e5 0-1